| 000 | 00688nam a2200205 a 4500 | ||
|---|---|---|---|
| 005 | 20230512063619.0 | ||
| 008 | 991125s1973 mx 000 0 spa u | ||
| 035 | _aUPN01000027465 | ||
| 049 | _aCG | ||
| 050 | 4 |
_aB2949 L8 _bH4.68 |
|
| 245 | 1 | 0 |
_aHegel y el pensamiento moderno : _bseminario dirigido por Jean Hyppolito / _cdir. Jacques d'Hondt ; tr. Ramón Salvat. |
| 260 |
_aMéxico : _bSiglo XXI, _c1973. |
||
| 300 | _a228 p. | ||
| 440 | 0 | _aFilosofía | |
| 600 | 1 | 4 |
_aHEGEL, GEORG WILHELM FRIEDRICH, _d1770-1831 - _xCRITICA E INTERPRETACION _914130 |
| 650 | 2 |
_aFilosofía _xHistoria _910004 |
|
| 650 | 4 |
_aFilosofía alemana _97273 |
|
| 700 | 1 |
_aHondt, Jacques d' _edir. |
|
| 905 | _aLibro | ||
| 999 |
_c27465 _d27465 |
||